Statistieken voor San Marino Trivia Quiz

Klik hier om de quiz te nemen!

Algemene statistieken

  • Deze quiz is 240 keer genomen
  • De gemiddelde score is 8 van 14

Antwoordstatistieken

HintAntwoord% Correct
Land dat compleet om San Marino heen ligtItalië
99%
Hoofdstad van San MarinoSan Marino
97%
ValutaEuro
90%
Land dat San Marino kort bezette in 1944Duitsland
86%
Braziliaanse Formule 1 coureur die overleed tijdens de Grand Prix van San Marino in 1994Ayrton Senna
67%
San Marino claimt s’ werelds ____ republiek te zijnOudste
60%
San Marino's nationale voetbalteam heeft 1 keer gewonnen, 6 keer gelijk gespeeld, en 163 keer verloren. Welk land hebben ze die ene keer verslagen?Liechtenstein
55%
Bergketen waar San Marino in ligtApennijnen
49%
San Marino is het kleinste lid van deze internationale raadRaad van {Europa}
48%
San Marino is het enige land met meer _______ dan mensenVoertuigen
43%
Het wapenschild heeft er 3 hiervanTorens
29%
Hoogste piek in San MarinoMonte {Titano}
23%
San Marino is opgedeeld in 9 gemeenten met deze naamCastelli
21%
Elke zes maanden kiest het parlement van San Marino twee mensen met deze rol om het land te leidenKapitein-regent
16%

Scoreverdeling

Percentiel versus Aantal Correcte Antwoorden

Procent van Mensen met Elke Score

Uw Scoregeschiedenis

U heeft deze quiz nog niet genomen